01172nam a22003137a 4500003000900000005001700009007000300026008003200029040003000061082002700091100003500118245012100153250001200274260000600286264004600292300003100338336002700369337003500396338003000431500007100461590002600532651003400558651004400592700003100636910004100667942001200708952012100720999001700841DO-SdBPM20250808112325.0ta171124b 2002 cu ||| 00| 0 spa d aDO-SdBPMbspacBPMSUerda 4a972.91bT693h 20022221 aTorres-Cuevas, Eduardoeautor 10aHistoria de Cuba, 1492-1898 :bformación y liberación de la nación /cEduardo Torres-Cuevas, Oscar Loyola Vega a2a. ed. a  aLa Habana :bPueblo y Educación,c2002  a404 páginas ;c23 cm.b  atextobtxt2rdacontent asin mediación bn2rdamedia  avolumen bnc2rdacarrier  aIncluye referencias bibliográficas y notas al pie de las paginas aInventariado, 2025/VM 7aCuba xHistoria. y1492-1898 7aCubaxPolítica y gobierno xHistoria.1 aLoyola Vega, Oscareautor  aVMateo V. Control de calidad. BPMSU  2ddccBK 00102ddc708CGaBPMETbBPMETd2017-11-24l0oBPMSU CG 972.91 T693h 2002pBPMSU17110417r2017-11-24w2017-11-24yBK c13083d13083